000 00520nam a2200229Ia 4500
005 20250425160658.0
008 250425s9999 xx 000 0 und d
020 _a8480882441
041 _aspa
082 _a650.1
100 _aFREEMAN, ALLYN
245 0 _aCOMO TENER IDEAS GENIALES
250 _a1A ED.
260 _aBARCELONA
260 _aEspaƱa
_bGESTION 2000
_c1998
300 _a209
650 _aESTRATEGIAS DE VENTA
650 _aEXITO
650 _aPUBLICIDAD
942 _c01
010 _a2109
999 _c193954
_d193954